Statistics for Modern Day Countries Of The Seleucid Empire On A Map

Click here to take the quiz!

General Stats

  • This quiz has been taken 481 times
  • The average score is 17 of 18

Answers on the Map

Answers color-coded by a green-red scale on the quiz's map according to % correct below.
 

Answer Stats

Answer% Correct
Iran
100%
Iraq
99%
Armenia
98%
Israel
98%
Syria
98%
Turkey
98%
Afghanistan
97%
Georgia
97%
Jordan
97%
Lebanon
97%
Pakistan
97%
Azerbaijan
96%
Turkmenistan
96%
Kazakhstan
95%
Kyrgyzstan
95%
Tajikistan
95%
Uzbekistan
95%
Kuwait
90%

Score Distribution

Percentile by Number Answered

Percent of People with Each Score

Your Score History

You have not taken this quiz